000 01016nam a2200229 4500
001 72146
003 ES-MaACL
005 20250824232759.0
007 t|
008 040826s1917 sp |||| | spa d
080 _a655.4:061.3(46)"1917"
100 1 _aGili y Roig, Gustavo.
_956939
245 1 0 _aCámara del Libro Español
_b: proyecto de asociación de los Amigos del Libro /
_cpresentado por Gustavo Gili a la Conferencia de Editores Españoles y Amigos del Libro, celebrada en Barcelona en los días 8 y 9 de junio de 1917... aprobado por unanimidad.
260 _aBarcelona :
_b"Centro de la Propiedad Intelectual",
_c1917.
300 _a20 p. ;
_c25 cm.
610 2 7 _aCámara del Libro y de la Propiedad Intelectual
_2
_9146891
611 2 4 _aConferencia de Editores Españoles y Amigos del Libro.
_d1917.
_cBarcelona)
_9146897
650 0 4 _aEditoriales-
_zEspaña.
_912067
710 2 _aCámara del Libro y de la Propiedad Intelectual
_9146891
852 _aES-MaACL
_j1556-F-16
999 _c72146
_d72146